Pollution engineering practice handbook

Αποθηκεύτηκε σε:
Λεπτομέρειες βιβλιογραφικής εγγραφής
Άλλοι συγγραφείς: Cheremisinoff, Paul N. (Επιμελητής έκδοσης), Young, Richard A. (Επιμελητής έκδοσης)
Μορφή: Βιβλίο
Γλώσσα:English
Δημοσίευση: Ann Arbor : Ann Arbor Science, [1975]
Θέματα:
Ετικέτες: Προσθήκη ετικέτας
Δεν υπάρχουν, Καταχωρήστε ετικέτα πρώτοι!

MARC

LEADER 00000nam a2200000 i 4500
001 1/78114
008 970415s1975 eng d
020 |a 0-250-40075-8 
035 |l 10004496 
040 |a GR-MY-UA  |b gre  |e aacr 
041 0 |a eng 
082 0 |a 628.5 
245 1 0 |a Pollution engineering practice handbook /  |c Edited by Paul N. Cheremisinoff, Richard A. Young 
260 |a Ann Arbor :   |b Ann Arbor Science,   |c [1975] 
300 |a xii, 1073 p.;  |c 24 cm 
504 |a Bibliography: p. 1031-1040. Includes index 
650 0 0 |a Environmental engineering  |x Handbooks, manuals, etc. 
650 0 0 |a Pollution  |x Handbooks, manuals, etc. 
700 1 |a Cheremisinoff, Paul N.  |4 edt 
700 1 |a Young, Richard A.  |4 edt 
852 |a INST  |b LESVOS  |e 19970415  |h 628.5 POL  |p 005100011530  |q 005100011530  |t BK  |y 0 
909 |a Λ  |b 005760